000 00676nam a22002177a 4500
003 DO-SdBNP
005 20211215134006.0
007 ta
008 211102b2019 dr ||||| |||| 00| 0 spa d
020 _a9789945920444
040 _aDO-SdBNP
_bspa
_cBNPHU
082 4 _222
_bR618f
100 1 _aRivas Pérez, Idalsinaris,
_d1943-
_980287
245 1 0 _aLa familia de Dios :
_btodas las familias de la tierra seran benditas /
_cIdalsinaris Rivas de Pérez.
260 _aSanto Domingo :
_bPublicaciones Libertad,
_c2019.
300 _a168 p. ;
_c21 cm.
504 _aBibliografía : p. 167
590 _aInventariado, 2021 /LP
910 _aLopérez
942 _2ddc
_cLBS1
999 _c50844
_d50844